| 000 | 01056nam1a22002531 4500 | ||
|---|---|---|---|
| 001 | rc\3000066 | ||
| 005 | 20110920095534.7 | ||
| 035 | _a(NLR Aleph) 007143423 | ||
| 090 |
_a7078788 _c7078788 |
||
| 100 | _a20110920d1936 |||y0rusy50 ca | ||
| 101 | 0 | _arus | |
| 102 | _aRU | ||
| 105 | _ay z ||||| | ||
| 200 | 1 |
_aИзбранные произведения _eВ 2 томах. Т. 1- _fВ.И. Ленин _gПод общ. ред. В.В. Адоратского, В.Г. Сорина [и др.] _gИн-т Маркса-Энгельса-Ленина при ЦК ВКП(б) |
|
| 210 |
_a[Москва] _cПартиздат _d1936 _gф-ка книги "Кр. пролетарий" |
||
| 215 | _d23х15 см | ||
| 700 | 1 |
_aЛенин _bВ. И. _f1870-1924 _gВладимир Ильич |
|
| 702 | 1 |
_aАдоратский _bВ. В. _f1878-1945 _gВладимир Викторович _3RU\NLR\AUTH\770133283 _4340 |
|
| 702 | 1 |
_aСорин _bВ. Г. _4340 |
|
| 801 | 0 |
_aRU _bNLR _gpsbo |
|
| 801 | 1 |
_aRU _bELAR _2rusmarc |
|
| 852 |
_aNLR _bЛ _j1-И/5(1-10) |
||
| 942 | _cBOOK | ||
| 980 | _aNB | ||